000 01783nam a2200445 c 4500
999 _c149506
_d149506
003 BLK
005 20240924135701.0
008 180410b bul|||||r ||||||| ||bul||
010 _aKNG00155769000
020 _a978-954-9664-21-8
040 _aBLK
041 _aBUL
_cBUL
072 7 _2bullib
_aН92
_xИстория Н
080 _aИстория на България
_b94(497.2)
_x(092)(0:82-9)
_z94(497.2)(092)(0:82-9)
080 _aКраезнание
_b908
_x(497.215)
_z908(497.215)
080 _aБългарска литература
_b821.163.2
_x-94
_z821.163.2-94
080 _aБиографии
_b929
_x(497.2)
_z929(497.2)
100 1 _aДраганов, Боян Димитров
_964945
139 _aДраганов, Боян Димитров
_bД 85
245 1 0 _aЗад завесата на големите скандали 3
_cБоян Димитров Драганов.
245 1 0 _aХроники от Русчук
257 _aBGR
260 _bАхат
_c2013
_fВ. Търново : Абагар
300 _a297, 97 с.
_bс ил., факс.
_c24 см
380 _a9
500 _aВтората кн. отпеч. на гърба на кн. със самостоятелни загл. с. и паг.
650 4 _aБългария - история - популярна литература
_9258393
651 4 _aБългария
_9241624
651 4 _aРусе
_9179462
653 _aбългарска история
659 _aН
852 _aЦб 241221
852 _aК 94(497.2)/Д 85 Б
856 4 _qpdf
856 4 _qpdf
942 _cKNG
_n0
_027
_s1
944 _aCR
_c20.01.2014
_lВаля Йорданова
_k30558
944 _aED
_c29.01.2018
_lф /
_kВиолета_Тройчева
999 _d149506